| 000 | 04049nam a2200241 a 4500 | ||
|---|---|---|---|
| 001 | 000021216 | ||
| 005 | 20200930011250.0 | ||
| 008 | 100902s2006 sp c 000 0 spa d | ||
| 020 | _a9788449424137 | ||
| 040 |
_aDO-SdBNP _bspa _cBNPHU |
||
| 082 |
_a800 _bO13m |
||
| 245 | 0 | 0 |
_aObras maestras del relato breve : _bcon orientaciones didácticas. |
| 260 |
_aBarcelona, : _bOceano, _c2006. |
||
| 300 |
_a646 p. : _bretrs. ; _c27 cm. |
||
| 500 | _aIncluye notas al pie de las páginas | ||
| 505 | 0 | _aEl cuento del zurdo de Tula y la pulga de acero /Nikolái Leskov -- El capote /Nikolái Gógol --Un descenso dentro del Maelstrom / Edgar Allan Poe -- El beso /Chéjov Anton -- Lo real /Henry James -- Un suceso en la vida del mariscal de Bassompierre /Hugo von Hofmannsthal -- Una mañana / Robert Walser -- MM. Burke & Hare. Asesinos / Marcel Schwob -- El cazador Gracchus y otros cuentos /Franz Kafka -- La ventana abierta / Saki -- Un hombre muerto a puntapiés /Pablo Palacio -- El hombre muerto /Horacio Quiroga -- La nariz / Ryonosuke Akutagawa -- Escritos de vanguardia y otros cuentos / Daniil Charms -- El camino / Isaac Bábel --Los senos de verdaderos Sévres y otrso cuentos / Ramón Gómez de la Serna -- La mujer de Gógol / Tommaso Landolfi -- El caúcaso / Iván Bunin -- Semos Molas / Salarrué -- El brazo de plata y otros cuentos / Henri Michaux -- pequeños propietarios / Roberto Arlt -- Visitación / Bruno Schulz -- La mujer parecida a mí / Felisberto Hernández -- La uña / Max Aub -- La posada del arrabal / Robert Musil -- Érase / Louis Zukofski -- El ascensorque bajo al infierno / Pär Lagerkvist -- El mono / Isak Dinesen -- No oyes a los perros / Juan Rulfo -- Invocación para desorejarse /José Lezama Lima - Descubrimiento en el bósque / Graham Greene -- En casa del profeta / Thomas Mann -- La carne / Virgilio Piñera -- Yo soy Martín / Arturo Uslar Pietri -- Septiembre ardiente /William Faulkner -- La luz del mundo / Ernest Hemingway -- El buitre /Ramón J. Sender -- | |
| 505 | 0 | _aEl olocanto / Joan Perucho -- Remembranza / Eudora Welty -- Deutsches Requiem / Jorge Luis Borges --El elfo patata / Vladimir Nabokov -- La llave / Isaac Bashevis Singer -- Conversación con la montaña / Paul Celan -- Silvio en El Rosedal / Julio Ramón Ribeyro -- Una tumba perdida / Bernard Malamud -- La puerta cerrada / José Donoso -- Jabberwhorl Cronstadt / Henry Miller -- El infierno tan temido / Juan Carlos Onetti -- Inmovimiento / Samuel Beckett -- Juegos nocturnos / Augusto Roa Bastos -- El búfalo / Clarice Lispector - La sierva ajena / Adolfo Bioy Casares -- ¿Es una comedia? ¿Es una tragedia? / Thomas Bernhard -- Las babas del diablo /Julio Cortázar -- Dos cúpulas bulbosas en un paisaje nevado y otros cuentos / István Örkény -- Los domingos en el hospicio /Jorge Edwards -- Asesinato en la oscuridad / Margaret Atwood -- Y / Guy Davenport -- TLB /Juan Benet -- Textos / Ursula K. Le Guin -- La voz de la tortuga, una historia que mi suegra me contó / Guillermo Cabrera Infante - Una estación de metro berlinesa / Uwe Johnson -- El verano de la señora Forbes / Gabriel García Márquez -- Fuego de isla / John Hawkes -- El centerfielder / Sergio Ramírez -- Mr. Taylor / Augusto Monterroso -- El Coco se llama Drilo / Pedro Shimose -- De hombres varios / Ror Wolf -- Bestial entre las flores / Reinaldo Arenas --Los cachoros / Mario Vargas Llosa -- La revolución / Slawomir Mrozek -- El aaazar y labeja y el examen / Rafael Ángel Herra -- ¿El aleteo de una mariposa en Nueva York puede provocar un tifón en Pekín ? / Antonio Tabucchi -- La casa de bizcocho / Robert Coover - El iceberg y otros cuentos / Horácio Costa -- Sobre la obligación de sonreír en los campos de trabajo chinos / Gao Er Tai -- Escenas de mi padre llorando / Donald Barthelme -- Tres rosas amarillas /Raymond Carver. | |
| 650 | 4 |
_aAutores _xBiografías _944345 |
|
| 650 | 4 |
_aCuento _xHistoria y crítica _944346 |
|
| 650 | 4 |
_aCuentos _xColecciones _98799 |
|
| 650 | 4 |
_aLiteratura didáctica _923722 |
|
| 049 | _aBNPD | ||
| 999 |
_c20717 _d20717 |
||